000 00308nam a22001337a 4500
008 170602b xxu||||| |||| 00| 0 eng d
020 _a0621557092
041 _aeng
080 _a94
100 _a17
101 _aSHH
245 _aPASSAGE THROUGH AARMAGEDDDON THE RUSIA
_cLINCOLN.W.B
942 _2udc
_cBK
999 _c15705
_d15705